[Event "OLNN 1819 SG Turm Kiel II - SC Königssp"]
[Site "?"]
[Date "2019.01.20"]
[Round "5.1"]
[White "Pfreundt, Jakob"]
[Black "Olsen, Filip Boe"]
[Result "1/2-1/2"]
[WhiteElo "2379"]
[BlackElo "2359"]
[PlyCount "109"]
[EventDate "2019.??.??"]

1. Nf3 d5 2. g3 g6 3. Bg2 Bg7 4. d4 Nf6 5. O-O O-O 6. c4 dxc4 7. Na3 c3 8. bxc3
c5 9. Bb2 Nc6 10. Re1 Qb6 11. Nc4 Qb5 12. Qb3 Qxb3 13. axb3 Be6 14. dxc5 Nd7
15. Nd4 Nxc5 16. Nxe6 Nxe6 17. Bxc6 bxc6 18. Na5 Rfc8 19. Red1 Nc5 20. f3 Rab8
21. Ra3 Nb7 22. Nc4 Nd6 23. Nxd6 exd6 24. b4 c5 25. Rd2 Rc7 26. Ra2 cxb4 27.
cxb4 Rxb4 28. Bxg7 Kxg7 29. Rxd6 h5 30. Rda6 Rbb7 31. Kf2 Re7 32. f4 Rbc7 33.
R6a3 Rb7 34. Kf3 Rbc7 35. h3 Rb7 36. g4 hxg4+ 37. hxg4 Rb1 38. e3 Rh1 39. Kg2
Rb1 40. Kf2 Rbb7 41. g5 Rbc7 42. Kf3 Rb7 43. Rc3 Rbc7 44. Rxc7 Rxc7 45. Ra6 Rb7
46. Ra4 Rc7 47. Kg4 Re7 48. Kf3 Rc7 49. e4 Rc3+ 50. Kg4 Rc7 51. f5 gxf5+ 52.
exf5 Rc1 53. Rxa7 Rg1+ 54. Kf4 Rf1+ 55. Kg4 1/2-1/2

[Event "OLNN 1819 SG Turm Kiel II - SC Königssp"]
[Site "?"]
[Date "2019.01.20"]
[Round "5.2"]
[White "Berg, Klaus"]
[Black "Zimmermann, Julian"]
[Result "1-0"]
[WhiteElo "2297"]
[BlackElo "2307"]
[PlyCount "121"]
[EventDate "2019.??.??"]

1. g3 e5 2. c4 Nf6 3. Bg2 c6 4. d4 exd4 5. Qxd4 d5 6. Nc3 dxc4 7. Qxc4 Be6 8.
Qa4 Nbd7 9. Nf3 Nc5 10. Qc2 Qd7 11. O-O a5 12. Rd1 Qc8 13. Nd4 Bh3 14. Bg5 Be7
15. Bxf6 Bxf6 16. Ne4 Nxe4 17. Qxe4+ Kf8 18. Bxh3 Qxh3 19. Qf4 h5 20. Nf5 Kg8
21. Rd7 Re8 22. Rxb7 Rxe2 23. Rd1 Qg4 24. Qxg4 hxg4 25. Rdd7 Rh5 26. Ne3 Rxb2
27. Nxg4 Bd4 28. Rd8+ Kh7 29. Rxf7 Rd5 30. Rxd5 cxd5 31. a4 Bc3 32. Rc7 d4 33.
Nf6+ Kh6 34. Ne4 Be1 35. Kf1 Bb4 36. Rd7 Ra2 37. Rxd4 Rxa4 38. h4 Ra2 39. Kg2
Rb2 40. g4 a4 41. Rc4 Kg6 42. Rc7 Bd2 43. Nxd2 Rxd2 44. Ra7 Ra2 45. Ra6+ Kf7
46. Kg3 a3 47. f3 Ra1 48. h5 a2 49. Kf4 Kg8 50. Ra8+ Kf7 51. Ra7+ Kg8 52. g5
Rh1 53. Rxa2 Rxh5 54. Kf5 Rh3 55. Ra8+ Kf7 56. Ra7+ Kg8 57. Ra8+ Kf7 58. g6+
Ke7 59. Ra7+ Kf8 60. Ke6 Rxf3 61. Ra8# 1-0

[Event "OLNN 1819 SG Turm Kiel II - SC Königssp"]
[Site "?"]
[Date "2019.01.20"]
[Round "5.3"]
[White "Schmidt, Jan-Peter"]
[Black "Michna, Marta"]
[Result "0-1"]
[WhiteElo "2226"]
[BlackElo "2336"]
[PlyCount "88"]
[EventDate "2019.??.??"]

1. d4 Nf6 2. g3 d6 3. Bg2 g6 4. e4 Bg7 5. Nc3 O-O 6. Nge2 e5 7. h3 c6 8. Be3
Nbd7 9. a4 Re8 10. O-O a5 11. g4 h5 12. g5 Nh7 13. h4 f6 14. f4 exf4 15. Nxf4
fxg5 16. Nxg6 Re6 17. e5 Rxg6 18. Qxh5 Ndf8 19. hxg5 dxe5 20. d5 Qe8 21. dxc6
bxc6 22. Ne4 Be6 23. Rf3 Rxg5 24. Qxe8 Rxg2+ 25. Kxg2 Rxe8 26. Bd2 Bd5 27. Re1
Ne6 28. Kf2 Bxe4 29. Rxe4 Neg5 30. Rc4 Nxf3 31. Kxf3 Re6 32. Bxa5 e4+ 33. Ke2
Bxb2 34. Bc7 Nf6 35. a5 Nd5 36. Bb8 Re8 37. Bd6 Ra8 38. Rxc6 Rxa5 39. Rc4 Kf7
40. Bc5 Kf6 41. Bb4 Rb5 42. Bd2 Kf5 43. Rc8 Nf4+ 44. Ke1 Bf6 0-1

[Event "OLNN 1819 SG Turm Kiel II - SC Königssp"]
[Site "?"]
[Date "2019.01.20"]
[Round "5.4"]
[White "Boe, Mads"]
[Black "Borgmeyer, Max"]
[Result "1-0"]
[WhiteElo "2302"]
[BlackElo "2199"]
[PlyCount "157"]
[EventDate "2019.??.??"]

1. d4 Nf6 2. Nf3 e6 3. Bg5 d5 4. e3 c5 5. c3 Be7 6. Bd3 Nbd7 7. Nbd2 O-O 8. O-O
b6 9. h3 Bb7 10. Qb1 h6 11. Bf4 c4 12. Be2 b5 13. Ne5 Nxe5 14. Bxe5 Bd6 15. f4
Bxe5 16. fxe5 Nh7 17. Qe1 Bc6 18. Bd1 Rb8 19. b4 cxb3 20. Nxb3 a5 21. a3 Qc7
22. Nc5 Qe7 23. Bc2 g6 24. Qg3 Kg7 25. Bd3 Qg5 26. Qf2 Qe7 27. Qe2 Rb6 28. Rf2
Rc8 29. Raf1 Be8 30. e4 Ng5 31. exd5 exd5 32. Rf6 Rbb8 33. h4 Nh7 34. R6f4 h5
35. Qf3 Rd8 36. g4 Qxh4 37. gxh5 Qxh5 38. Qxh5 gxh5 39. Bxh7 Kxh7 40. Rf5 b4
41. cxb4 axb4 42. axb4 Rxb4 43. Rxh5+ Kg7 44. Rh4 Rb6 45. Rg4+ Rg6 46. Rxg6+
Kxg6 47. Rf6+ Kg5 48. Kf2 Rc8 49. Ke3 Rc6 50. Rd6 Rc8 51. Rxd5 Ra8 52. Ne4+ Kh4
53. Kf4 Ra1 54. Rd8 Rf1+ 55. Ke3 Bb5 56. Rh8+ Kg4 57. Rg8+ Kh4 58. Nd2 Re1+ 59.
Kf4 Kh5 60. Nf3 Rf1 61. Rg1 Rxg1 62. Nxg1 Bd3 63. d5 Kg6 64. Nf3 Kg7 65. Nd4
Kf8 66. Kg5 Bc4 67. d6 Ke8 68. Kf6 Bd5 69. Nf5 Bb3 70. Nh6 Kd7 71. Nxf7 Bc4 72.
Ng5 Bd5 73. Nh7 Ke8 74. e6 Be4 75. Ng5 Bc6 76. Ke5 Kd8 77. Ne4 Ke8 78. Nc5 Kd8
79. Kf6 1-0

[Event "OLNN 1819 SG Turm Kiel II - SC Königssp"]
[Site "?"]
[Date "2019.01.20"]
[Round "5.5"]
[White "Wolter, Michael"]
[Black "Zeller, Joerg"]
[Result "1/2-1/2"]
[WhiteElo "2153"]
[BlackElo "2178"]
[PlyCount "25"]
[EventDate "2019.??.??"]

1. d4 Nf6 2. Nf3 e6 3. g3 d5 4. Bg2 b5 5. O-O Bb7 6. b3 Nbd7 7. Bb2 Be7 8. Nbd2
Rb8 9. c3 c5 10. a4 bxa4 11. Rxa4 a6 12. e3 O-O 13. Re1 1/2-1/2

[Event "OLNN 1819 SG Turm Kiel II - SC Königssp"]
[Site "?"]
[Date "2019.01.20"]
[Round "5.6"]
[White "Boehm, Thomas"]
[Black "Harder, Clemens"]
[Result "1/2-1/2"]
[WhiteElo "2118"]
[BlackElo "2181"]
[PlyCount "91"]
[EventDate "2019.??.??"]

1. e4 e5 2. Nf3 Nc6 3. Nc3 Nf6 4. d4 exd4 5. Nxd4 Bb4 6. Nxc6 bxc6 7. Bd3 d5 8.
exd5 cxd5 9. O-O O-O 10. h3 c6 11. Qf3 Re8 12. Bf4 Bd6 13. Bxd6 Qxd6 14. Qg3
Qb4 15. a3 Qb6 16. b4 Ne4 17. Bxe4 dxe4 18. Rfe1 f5 19. Na4 Qb5 20. Nc5 Be6 21.
Rad1 Bd5 22. Rd4 a5 23. Red1 axb4 24. axb4 Ra7 25. Qe3 Rf7 26. Qc1 Bc4 27. Qa3
Bd5 28. c4 Bxc4 29. Rd8 Rff8 30. Qa8 Rxd8 31. Rxd8 Rxd8 32. Qxd8+ Kf7 33. Qd7+
Kf6 34. Qd6+ Kf7 35. Qc7+ Kf6 36. g4 fxg4 37. Qd6+ Kf7 38. Qd7+ Kf8 39. Qd8+
Kf7 40. Qd7+ Kf8 41. Qd6+ Kf7 42. Qf4+ Kg8 43. Qxe4 h6 44. Nd7 Kh8 45. Qe8+ Bg8
46. Nf8 1/2-1/2

[Event "OLNN 1819 SG Turm Kiel II - SC Königssp"]
[Site "?"]
[Date "2019.01.20"]
[Round "5.7"]
[White "Wagner, Friedrich"]
[Black "Budzyn, Matthias"]
[Result "1-0"]
[WhiteElo "2140"]
[BlackElo "2114"]
[PlyCount "161"]
[EventDate "2019.??.??"]

1. c4 g6 2. g3 Nf6 3. Bg2 c5 4. Nc3 Nc6 5. e3 Bg7 6. Nge2 O-O 7. O-O d6 8. Re1
Ne5 9. d3 Bg4 10. Kh1 Bf3 11. Rf1 Qd7 12. Bxf3 Nxf3 13. Ng1 Nxg1 14. Kxg1 d5
15. Qe2 Rad8 16. Rd1 dxc4 17. dxc4 Qh3 18. f3 h5 19. Bd2 Nd7 20. Be1 h4 21. Nd5
e6 22. Nf4 Qf5 23. g4 Qg5 24. Ng2 Qe7 25. Bxh4 g5 26. Bg3 Ne5 27. Ne1 Rxd1 28.
Rxd1 Rd8 29. Rxd8+ Qxd8 30. Bxe5 Bxe5 31. Nd3 Qd6 32. Ne1 b6 33. h3 Bf6 34. Kg2
Be5 35. Kh1 Bf6 36. Nd3 Qg3 37. Qg2 Qd6 38. Qe2 Qg3 39. Qg2 Qd6 40. Qf1 Qg3 41.
b3 Bc3 42. Qg2 Qd6 43. Qc2 Be5 44. Nf2 Bg7 45. Ne4 Qe5 46. Kg2 f5 47. gxf5 exf5
48. Ng3 Qxe3 49. Nxf5 Qe5 50. Ng3 Qa1 51. Ne2 a6 52. a4 Qe5 53. Qd3 Kf7 54. Ng3
Qb2+ 55. Ne2 Qe5 56. Qe4 Qb2 57. Qe3 Bd4 58. Qd3 Kf6 59. Kg3 Ke7 60. Kg4 Bf6
61. Ng3 Qd4+ 62. Qxd4 cxd4 63. Ne4 Ke6 64. Nf2 Be7 65. Nd3 Kf6 66. f4 gxf4 67.
Kxf4 a5 68. Ke4 Kg5 69. Kxd4 Kh4 70. Kd5 Kxh3 71. Kc6 Bd8 72. Kd7 Bg5 73. Kc6
Be3 74. Ne5 Kg3 75. Nd7 Kf3 76. Nxb6 Ke4 77. Kb5 Bd2 78. c5 Bf4 79. Nc4 Kd5 80.
Nxa5 Bc7 81. Nc6 1-0

[Event "OLNN 1819 SG Turm Kiel II - SC Königssp"]
[Site "?"]
[Date "2019.01.20"]
[Round "5.8"]
[White "Luckow, Rolf"]
[Black "Hloskovsky, Andrei"]
[Result "1-0"]
[WhiteElo "2205"]
[BlackElo "2091"]
[PlyCount "97"]
[EventDate "2019.??.??"]

1. b3 e5 2. Bb2 Nc6 3. e3 Nf6 4. c4 g6 5. Nf3 Qe7 6. d4 exd4 7. Nxd4 Bg7 8. Nc3
O-O 9. Be2 Ne5 10. Qd2 a6 11. h3 d6 12. O-O Bd7 13. Rac1 Rad8 14. Nd5 Nxd5 15.
cxd5 c6 16. dxc6 Nxc6 17. Bf3 Rc8 18. Rfd1 Rfd8 19. Bxc6 bxc6 20. Ne2 Bxb2 21.
Qxb2 c5 22. Nf4 Bc6 23. Nd5 Bxd5 24. Rxd5 Qc7 25. Qd2 Qb6 26. Rc4 Rd7 27. h4 h5
28. g4 hxg4 29. Rxg4 Qd8 30. h5 Qf6 31. Qd3 Qe6 32. Rg3 Rf8 33. hxg6 f5 34. Qc4
Rf6 35. Kf1 Rg7 36. Rg5 f4 37. exf4 Re7 38. f5 Qe1+ 39. Kg2 Kg7 40. Qh4 Qe4+
41. Qxe4 Rxe4 42. Kf3 Rh4 43. Rd1 c4 44. Kg3 Re4 45. Rh1 Rf8 46. bxc4 Rxc4 47.
Re1 d5 48. Re6 Ra4 49. f6+ 1-0

[Event "OLNN 1819 SK Marmstorf - Hamburger SK I"]
[Site "?"]
[Date "2019.01.20"]
[Round "5.1"]
[White "Gaede, Derek"]
[Black "Hebbinghaus, Holger"]
[Result "0-1"]
[WhiteElo "2318"]
[BlackElo "2291"]
[PlyCount "88"]
[EventDate "2019.??.??"]

1. d4 Nf6 2. Nf3 d5 3. c4 e6 4. g3 dxc4 5. Bg2 a6 6. O-O Nc6 7. Nc3 Rb8 8. a4
Be7 9. e3 O-O 10. Nd2 Na5 11. Qe2 c5 12. dxc5 Bxc5 13. Nxc4 Nb3 14. Rb1 Qe7 15.
Rd1 e5 16. Qc2 Nxc1 17. Rbxc1 Ba7 18. h3 Be6 19. Nxe5 Bxh3 20. Nc6 bxc6 21.
Bxh3 Qe5 22. Rd2 Bxe3 23. fxe3 Qxg3+ 24. Bg2 Qxe3+ 25. Kf1 Rb4 26. Re1 Ng4 27.
Be4 f5 28. Rxe3 Nxe3+ 29. Ke1 Nxc2+ 30. Bxc2 Rxb2 31. Nd1 Rbb8 32. Rd6 Rfe8+
33. Kf2 Rbc8 34. Ne3 g6 35. Bd3 Red8 36. Rxd8+ Rxd8 37. Bxa6 Ra8 38. Bc4+ Kg7
39. Bb3 Kf6 40. Nc4 g5 41. Nb6 Ra7 42. Ke3 h5 43. Kd4 g4 44. Kc5 g3 0-1

[Event "OLNN 1819 SK Marmstorf - Hamburger SK I"]
[Site "?"]
[Date "2019.01.20"]
[Round "5.2"]
[White "Hawellek, Jeronimo"]
[Black "Pajeken, Jakob Leon"]
[Result "0-1"]
[WhiteElo "2280"]
[BlackElo "2287"]
[PlyCount "58"]
[EventDate "2019.??.??"]

1. d4 Nf6 2. c4 e6 3. Nc3 d5 4. cxd5 Nxd5 5. e4 Nxc3 6. bxc3 c5 7. Rb1 Be7 8.
Nf3 O-O 9. Bc4 Qc7 10. Qe2 b6 11. O-O Bb7 12. Bd3 Nd7 13. e5 Rfd8 14. Ng5 Nf8
15. Qh5 g6 16. Qg4 cxd4 17. cxd4 h5 18. Qe2 Rxd4 19. Nf3 Bxf3 20. Qxf3 Rad8 21.
Bb5 Nd7 22. Bb2 Nxe5 23. Qg3 R4d5 24. Ba6 Bd6 25. Rbc1 Qe7 26. Qc3 Rc5 27. Qd4
Rxc1 28. Rxc1 Nf3+ 29. gxf3 Bxh2+ 0-1

[Event "OLNN 1819 SK Marmstorf - Hamburger SK I"]
[Site "?"]
[Date "2019.01.20"]
[Round "5.3"]
[White "Zieher, Hartmut"]
[Black "Mueller, Jan-Hendrik"]
[Result "1-0"]
[WhiteElo "2158"]
[BlackElo "2124"]
[PlyCount "121"]
[EventDate "2019.??.??"]

1. e4 e6 2. d4 d5 3. Nd2 c5 4. exd5 Qxd5 5. Ngf3 cxd4 6. Bc4 Qd6 7. O-O Nf6 8.
Nb3 Nc6 9. Nfxd4 Nxd4 10. Nxd4 a6 11. a4 Qc7 12. b3 Bd6 13. h3 O-O 14. Qe2 e5
15. Nf3 e4 16. Nd4 Re8 17. Be3 b6 18. Rad1 Bh2+ 19. Kh1 Bf4 20. c3 g6 21. Bxf4
Qxf4 22. Qe3 Nh5 23. Kg1 Ra7 24. g4 Qxe3 25. fxe3 Ng7 26. Rf6 Ne6 27. Nxe6 Bxe6
28. Bxe6 fxe6 29. Rd6 Rc8 30. c4 b5 31. cxb5 axb5 32. axb5 Rc2 33. Rf2 Rc3 34.
b6 Rb7 35. b4 Rb3 36. Rc2 Rxb4 37. Rc8+ Kf7 38. Rc7+ Rxc7 39. bxc7 Rc4 40. Rd7+
Kf6 41. Rxh7 Kg5 42. Kg2 Rc3 43. Kf2 Rc1 44. Re7 Kf6 45. Rd7 Kg5 46. Rf7 Rc3
47. Rf4 Rxc7 48. Kg3 Rh7 49. Rxe4 Kf6 50. Rf4+ Ke5 51. g5 Kd5 52. h4 e5 53. Rf6
Rg7 54. Kf3 e4+ 55. Kg4 Kc4 56. Rd6 Re7 57. Rd4+ Kc5 58. h5 gxh5+ 59. Kxh5 Rf7
60. g6 Rf3 61. Rxe4 1-0

[Event "OLNN 1819 SK Marmstorf - Hamburger SK I"]
[Site "?"]
[Date "2019.01.20"]
[Round "5.4"]
[White "Mueller, Tobias"]
[Black "Woelk, Tom-Frederic"]
[Result "1/2-1/2"]
[WhiteElo "2106"]
[BlackElo "2283"]
[PlyCount "98"]
[EventDate "2019.??.??"]

1. c4 e6 2. g3 Nf6 3. Bg2 d5 4. Nf3 Be7 5. O-O O-O 6. b3 b6 7. Bb2 Bb7 8. d3 c5
9. e4 dxe4 10. Ng5 Nbd7 11. Nd2 Qc7 12. Ngxe4 Rfd8 13. Qe2 Nxe4 14. dxe4 Bf6
15. Bxf6 Nxf6 16. e5 Bxg2 17. Kxg2 Ne8 18. f4 Rd4 19. Nf3 Rd7 20. Rad1 Rad8 21.
Rxd7 Qxd7 22. Qe4 g6 23. Rf2 Kf8 24. g4 Ng7 25. Ng5 Kg8 26. Qf3 Qd1 27. Qxd1
Rxd1 28. Ne4 h5 29. h3 Kf8 30. Rd2 Rxd2+ 31. Nxd2 hxg4 32. hxg4 Ke7 33. Kg3 Ne8
34. Kh4 Nc7 35. Ne4 Na6 36. Nd6 Nb4 37. Nc8+ Kd7 38. Nxa7 Nxa2 39. Kg5 Nc1 40.
Nb5 Ke7 41. Nd6 Nxb3 42. Nc8+ Kf8 43. Nxb6 Nd2 44. f5 gxf5 45. gxf5 exf5 46.
Kxf5 Ke8 47. Kf4 Ke7 48. Ke3 Nxc4+ 49. Nxc4 f6 1/2-1/2

[Event "OLNN 1819 SK Marmstorf - Hamburger SK I"]
[Site "?"]
[Date "2019.01.20"]
[Round "5.5"]
[White "Bente, Bjoern"]
[Black "Hohlbein, Michael"]
[Result "1/2-1/2"]
[WhiteElo "2249"]
[BlackElo "2118"]
[PlyCount "53"]
[EventDate "2019.??.??"]

1. d4 Nf6 2. c4 c5 3. d5 e5 4. Nc3 d6 5. e4 Nbd7 6. g3 g6 7. Bg2 Bg7 8. Nf3 O-O
9. O-O a6 10. h3 b5 11. Nd2 Nb6 12. Re1 Bd7 13. b3 b4 14. Ne2 a5 15. a4 Nh5 16.
Ra2 Bc8 17. Nf3 h6 18. g4 Nf6 19. Ng3 Bd7 20. Rf1 Nc8 21. Ne1 g5 22. Bf3 Ne7
23. Nf5 Ne8 24. Ng2 Ng6 25. Re2 Nf4 26. Bxf4 gxf4 27. Ne1 1/2-1/2

[Event "OLNN 1819 SK Marmstorf - Hamburger SK I"]
[Site "?"]
[Date "2019.01.20"]
[Round "5.6"]
[White "Diekmann, Jens"]
[Black "Bach, Matthias"]
[Result "0-1"]
[WhiteElo "2034"]
[BlackElo "2304"]
[PlyCount "48"]
[EventDate "2019.??.??"]

1. c4 b6 2. Nc3 Bb7 3. e4 e6 4. g3 f5 5. Bg2 Nf6 6. d3 fxe4 7. Nxe4 Nxe4 8.
Qh5+ g6 9. Qe5 Bb4+ 10. Kf1 O-O 11. Bxe4 Nc6 12. Qg5 d5 13. cxd5 Ne7 14. Qg4
exd5 15. Bg2 Qd6 16. Bf4 Qf6 17. Qe2 Rae8 18. Be5 Qf7 19. f4 Nc6 20. Nf3 Bd6
21. Ng5 Rxe5 22. Nxf7 Rxe2 23. Bxd5 Nd4 24. Nh6+ Kg7 0-1

[Event "OLNN 1819 SK Marmstorf - Hamburger SK I"]
[Site "?"]
[Date "2019.01.20"]
[Round "5.7"]
[White "Malkiel, Daniel"]
[Black "Anderberg, Peter"]
[Result "1/2-1/2"]
[WhiteElo "2201"]
[BlackElo "2022"]
[PlyCount "50"]
[EventDate "2019.??.??"]

1. c4 Nf6 2. Nf3 e6 3. d4 d5 4. Bg5 Be7 5. Nc3 O-O 6. e3 c6 7. Qc2 Nbd7 8. a3
dxc4 9. Bxc4 Nd5 10. Bxe7 Qxe7 11. Bd3 Nxc3 12. bxc3 h6 13. O-O e5 14. Bh7+ Kh8
15. Bf5 exd4 16. cxd4 Nb6 17. Rfc1 Be6 18. Bxe6 Qxe6 19. Rab1 Rfc8 20. e4 Rab8
21. a4 Re8 22. a5 Nd7 23. Re1 Qd6 24. g3 Qa3 25. Nh4 Qxa5 1/2-1/2

[Event "OLNN 1819 SK Marmstorf - Hamburger SK I"]
[Site "?"]
[Date "2019.01.20"]
[Round "5.8"]
[White "Schmidt-Brauns, Rainer"]
[Black "Schumacher, Norbert"]
[Result "0-1"]
[WhiteElo "2000"]
[BlackElo "2164"]
[PlyCount "20"]
[EventDate "2019.??.??"]

1. d4 Nf6 2. c4 e6 3. Nf3 c5 4. g3 cxd4 5. Nxd4 Bc5 6. Nb3 Be7 7. Bg2 O-O 8.
O-O Qc7 9. N3d2 Nc6 10. b3 Qe5 0-1

[Event "OLNN 1819 SF Schwerin - Hamburger SK II"]
[Site "?"]
[Date "2019.02.03"]
[Round "6.1"]
[White "Pajeken, Jakob Leon"]
[Black "Horvath, Csaba"]
[Result "0-1"]
[WhiteElo "2287"]
[BlackElo "2509"]
[PlyCount "86"]
[EventDate "2019.??.??"]

1. d4 Nf6 2. Nf3 e6 3. Bf4 b6 4. e3 Bb7 5. Nbd2 g6 6. Bd3 Bg7 7. c3 d6 8. h3
Nbd7 9. O-O Qe7 10. e4 e5 11. Bh2 O-O 12. Qc2 Nh5 13. a4 a6 14. Rfe1 Qf6 15.
Bf1 Nf4 16. d5 c6 17. c4 a5 18. Qd1 Nc5 19. Nb1 Rae8 20. Nc3 Qd8 21. g3 Nh5 22.
Nh4 cxd5 23. cxd5 Bc8 24. Bb5 Re7 25. Be2 Nf6 26. Bf1 Ne8 27. Rb1 f5 28. b4
Nxe4 29. Nxe4 fxe4 30. bxa5 bxa5 31. Rb8 Qc7 32. Rb2 Nf6 33. g4 Bh6 34. Ng2
Ref7 35. Bg3 e3 36. Nxe3 Ne4 37. Bh4 Qa7 38. Qd3 Rf4 39. Rc2 Nc5 40. Qd1 Rd4
41. Qe2 Ba6 42. Nc4 Bxc4 43. Rxc4 Rd2 0-1

[Event "OLNN 1819 SF Schwerin - Hamburger SK II"]
[Site "?"]
[Date "2019.02.03"]
[Round "6.2"]
[White "Horvath, Jozsef"]
[Black "Zieher, Hartmut"]
[Result "1-0"]
[WhiteElo "2488"]
[BlackElo "2158"]
[PlyCount "103"]
[EventDate "2019.??.??"]

1. Nf3 f5 2. d4 Nf6 3. g3 g6 4. Bg2 Bg7 5. O-O O-O 6. Nbd2 e6 7. b3 Ne4 8. Bb2
b6 9. Nxe4 fxe4 10. Ne5 Bb7 11. e3 d6 12. Nd3 Nd7 13. Nf4 Qe7 14. Bh3 Rf6 15.
d5 e5 16. Ne6 Nc5 17. Nxc5 dxc5 18. c4 Rd6 19. Qc2 c6 20. Be6+ Kh8 21. Qxe4
cxd5 22. Bxd5 Bxd5 23. cxd5 Rad8 24. Rad1 Qf7 25. Qc4 e4 26. Bxg7+ Kxg7 27.
Qxe4 Rxd5 28. Qc2 Qf3 29. Rxd5 Qxd5 30. Re1 Qd2 31. Re2 Qxc2 32. Rxc2 Kf6 33.
Kf1 Rd1+ 34. Ke2 Rh1 35. h4 Ke6 36. Kd3 Kd5 37. e4+ Kd6 38. Ke3 Ke6 39. Kf4 h6
40. f3 Re1 41. b4 cxb4 42. Rc7 Rb1 43. Rxa7 b3 44. axb3 Rxb3 45. h5 gxh5 46.
Rh7 b5 47. Rxh6+ Kd7 48. Rxh5 b4 49. g4 Rb1 50. g5 b3 51. g6 Rg1 52. Rb5 1-0

[Event "OLNN 1819 SF Schwerin - Hamburger SK II"]
[Site "?"]
[Date "2019.02.03"]
[Round "6.3"]
[White "Bracker, Arne"]
[Black "Brynell, Stellan"]
[Result "0-1"]
[WhiteElo "2190"]
[BlackElo "2401"]
[PlyCount "50"]
[EventDate "2019.??.??"]

1. e4 e6 2. d4 d5 3. Nd2 c5 4. exd5 exd5 5. Ngf3 Nf6 6. Bb5+ Bd7 7. Bxd7+ Nbxd7
8. O-O Be7 9. dxc5 Nxc5 10. Nb3 Nce4 11. Nfd4 Qd7 12. Qf3 O-O 13. c3 Rfe8 14.
h3 Bf8 15. a4 a6 16. a5 Rac8 17. Rd1 Nd6 18. Ra2 Nc4 19. Qf5 Qc7 20. Bf4 Bd6
21. Bxd6 Nxd6 22. Qd3 Nc4 23. Nf5 Re5 24. Nbd4 Rce8 25. Qg3 Nh5 0-1

[Event "OLNN 1819 SF Schwerin - Hamburger SK II"]
[Site "?"]
[Date "2019.02.03"]
[Round "6.4"]
[White "De Jong, Migchiel"]
[Black "Woelk, Tom-Frederic"]
[Result "1-0"]
[WhiteElo "2322"]
[BlackElo "2283"]
[PlyCount "39"]
[EventDate "2019.??.??"]

1. Nf3 d5 2. d4 Nf6 3. c4 e6 4. g3 dxc4 5. Bg2 Nbd7 6. Nbd2 Nb6 7. O-O c5 8. a4
Qc7 9. a5 Nbd5 10. Qa4+ Bd7 11. Qxc4 Rc8 12. Nb3 cxd4 13. Qxd4 Bb5 14. Bg5 Bc5
15. Nxc5 e5 16. Qh4 Qxc5 17. Rfc1 Bc4 18. Nxe5 O-O 19. Qxc4 Qxc4 20. Nxc4 1-0

[Event "OLNN 1819 SF Schwerin - Hamburger SK II"]
[Site "?"]
[Date "2019.02.03"]
[Round "6.5"]
[White "Bente, Bjoern"]
[Black "Kesten, Sebastian"]
[Result "1/2-1/2"]
[WhiteElo "2249"]
[BlackElo "2296"]
[PlyCount "37"]
[EventDate "2019.??.??"]

1. d4 Nf6 2. c4 g6 3. Nc3 Bg7 4. e4 d6 5. f3 O-O 6. Bg5 c5 7. Nge2 Qa5 8. Qd2
cxd4 9. Nxd4 Nc6 10. Nb3 Qb4 11. Be2 a5 12. Rc1 a4 13. Na1 Be6 14. Nd5 Qxd2+
15. Kxd2 h6 16. Be3 Nd7 17. Rb1 Rfc8 18. Nc2 f5 19. Bd3 1/2-1/2

[Event "OLNN 1819 SF Schwerin - Hamburger SK II"]
[Site "?"]
[Date "2019.02.03"]
[Round "6.6"]
[White "Reichmann, Hendrik"]
[Black "Bach, Matthias"]
[Result "1-0"]
[WhiteElo "2350"]
[BlackElo "2304"]
[PlyCount "59"]
[EventDate "2019.??.??"]

1. d4 d5 2. Bf4 e6 3. e3 Bd6 4. Bg3 Ne7 5. c4 b6 6. Nc3 Bb7 7. Nf3 Nd7 8. Bd3
a6 9. Rc1 dxc4 10. Bxc4 Ng6 11. Bd3 O-O 12. O-O Qe7 13. Be4 Bxe4 14. Nxe4 Bxg3
15. hxg3 Rfc8 16. Rc6 Qe8 17. Qb3 Ndf8 18. Rfc1 Ne7 19. R6c2 Nfg6 20. Ned2 h6
21. Nc4 f6 22. e4 Kh7 23. Ne3 Qd7 24. Rd2 f5 25. Qc2 Qb5 26. d5 fxe4 27. Qxe4
exd5 28. Nxd5 Nxd5 29. Rxd5 Qxb2 30. Rc6 1-0

[Event "OLNN 1819 SF Schwerin - Hamburger SK II"]
[Site "?"]
[Date "2019.02.03"]
[Round "6.7"]
[White "Malkiel, Daniel"]
[Black "Schulz, Karsten"]
[Result "1/2-1/2"]
[WhiteElo "2201"]
[BlackElo "2240"]
[PlyCount "50"]
[EventDate "2019.??.??"]

1. d4 g6 2. e4 Bg7 3. c4 d6 4. Nc3 a6 5. Be3 c6 6. Nf3 b5 7. a3 Nd7 8. Rc1 Bb7
9. b4 Nb6 10. c5 Nc4 11. Bxc4 bxc4 12. Na4 Nf6 13. Nb6 Rb8 14. e5 Nd5 15. Nxc4
dxc5 16. bxc5 O-O 17. Bd2 Bc8 18. Ba5 Qd7 19. Nb6 Nxb6 20. cxb6 Qd5 21. Rc5
Qe4+ 22. Qe2 Qb1+ 23. Qd1 Qe4+ 24. Qe2 Qb1+ 25. Qd1 Qe4+ 1/2-1/2

[Event "OLNN 1819 SF Schwerin - Hamburger SK II"]
[Site "?"]
[Date "2019.02.03"]
[Round "6.8"]
[White "Wolf, Christoph"]
[Black "Schumacher, Norbert"]
[Result "1/2-1/2"]
[WhiteElo "2209"]
[BlackElo "2164"]
[PlyCount "38"]
[EventDate "2019.??.??"]

1. e4 c5 2. Nf3 d6 3. Bb5+ Nd7 4. O-O Ngf6 5. Re1 a6 6. Bd3 Ne5 7. Nxe5 dxe5 8.
a4 b6 9. Na3 Bb7 10. Nc4 Nd7 11. b3 g6 12. Bb2 Bg7 13. Qf3 O-O 14. Qg3 Qc7 15.
h4 h6 16. Bf1 Rac8 17. f3 Kh7 18. Kh1 Rfd8 19. Ne3 e6 1/2-1/2

[Event "OLNN 1819 SC Königsspringer HH - SK Ma"]
[Site "?"]
[Date "2019.02.03"]
[Round "6.1"]
[White "Hebbinghaus, Holger"]
[Black "Pfreundt, Jakob"]
[Result "1/2-1/2"]
[WhiteElo "2291"]
[BlackElo "2379"]
[PlyCount "70"]
[EventDate "2019.??.??"]

1. d4 Nf6 2. Nf3 g6 3. c4 d6 4. Nc3 Bf5 5. e3 Bg7 6. Bd3 Bg4 7. Be2 O-O 8. h3
Bxf3 9. Bxf3 Nc6 10. O-O Nd7 11. b3 e5 12. dxe5 Ncxe5 13. Bb2 Nxf3+ 14. Qxf3
Qf6 15. Qxf6 Bxf6 16. Rfd1 Rae8 17. Rab1 Bxc3 18. Bxc3 f5 19. Rbc1 Re4 20. Bd2
b6 21. Kf1 a5 22. Rc2 g5 23. f3 Re6 24. Kf2 Kg7 25. Bc3+ Kg6 26. Re2 h5 27.
Rde1 Rfe8 28. Rh1 Nb8 29. Rd1 Nd7 30. Rd5 Nc5 31. Rd1 R6e7 32. Bd4 Ne6 33. Bc3
Nc5 34. Bd4 Nd7 35. Bc3 Nc5 1/2-1/2

[Event "OLNN 1819 SC Königsspringer HH - SK Ma"]
[Site "?"]
[Date "2019.02.03"]
[Round "6.2"]
[White "Rosmann, Ilja"]
[Black "Hawellek, Jeronimo"]
[Result "1-0"]
[WhiteElo "2304"]
[BlackElo "2280"]
[PlyCount "85"]
[EventDate "2019.??.??"]

1. e4 d6 2. d4 Nf6 3. Nc3 g6 4. f3 Bg7 5. Be3 O-O 6. Qd2 e5 7. dxe5 dxe5 8.
Qxd8 Rxd8 9. Nb5 Na6 10. c3 b6 11. Ne2 Bf8 12. a4 Be6 13. Nc1 Ne8 14. a5 Nc5
15. Bxc5 bxc5 16. c4 Bh6 17. Nd3 Bxc4 18. Nxe5 Bxf1 19. Rxf1 Rdb8 20. Na3 Rxb2
21. Rf2 Rab8 22. Nec4 Rxf2 23. Kxf2 Nd6 24. Nxd6 cxd6 25. Nc4 Bg7 26. Ra2 Bd4+
27. Ke2 Rd8 28. Ra3 Rb8 29. Ra2 Kf8 30. Nxd6 Be5 31. Nc4 Bxh2 32. a6 Ke7 33.
Ra5 Bg1 34. Ne5 Rb2+ 35. Kf1 Rb1+ 36. Ke2 Rb6 37. Nc4 Rc6 38. Kd3 f6 39. Na3
Kd7 40. Kc4 Re6 41. Nb5 Kc6 42. Ra1 Bd4 43. Nxa7+ 1-0

[Event "OLNN 1819 SC Königsspringer HH - SK Ma"]
[Site "?"]
[Date "2019.02.03"]
[Round "6.3"]
[White "Ramme, Christoph"]
[Black "Schmidt, Jan-Peter"]
[Result "0-1"]
[WhiteElo "2157"]
[BlackElo "2226"]
[PlyCount "82"]
[EventDate "2019.??.??"]

1. d4 d6 2. e4 Nf6 3. Nc3 g6 4. Bg5 Bg7 5. Qd2 O-O 6. O-O-O c6 7. h4 b5 8. f3
h5 9. Nh3 Qa5 10. Kb1 Be6 11. d5 Bxh3 12. Rxh3 b4 13. Ne2 cxd5 14. exd5 Nbd7
15. Bh6 Rfc8 16. Bxg7 Kxg7 17. Nf4 Ne5 18. Qd4 Rc5 19. g4 hxg4 20. fxg4 Qa4 21.
b3 Qa3 22. g5 Nfd7 23. Nd3 Ra5 24. Nxb4 Rb8 25. Nc6 Qxa2+ 26. Kc1 Rc5 27. Bc4
Qa3+ 28. Kd2 Rxc4 29. bxc4 Qxh3 30. Nxb8 Nxb8 31. c5 Qh2+ 32. Kc1 dxc5 33. Qxc5
Nbd7 34. Qxe7 Qxh4 35. Rf1 Qh3 36. Rd1 Qe3+ 37. Kb1 Qb6+ 38. Kc1 Nc4 39. Re1
Qb2+ 40. Kd1 Qb1+ 41. Ke2 Qxc2+ 0-1